Lyrics - Mystery Song by Mystery Band - Statistics

General Stats
  • This quiz has been taken 79 times
  • The average score is 100 of 272
Answer Stats
Answer % Correct
I
97%
you
97%
the
88%
love
79%
and
78%
your
77%
me
73%
to
73%
it
71%
in
70%
on
70%
so
70%
ha
66%
my
64%
is
63%
that
60%
not
55%
have
52%
it's
47%
as
45%
all)
44%
by
42%
I'm
42%
say
42%
say)
42%
time
41%
how
40%
but
38%
(but
38%
come
37%
way
37%
this
34%
back
33%
every
33%
make
32%
(make
32%
heart
30%
Now
30%
now
30%
I've
29%
feel
27%
with
27%
did
26%
face
25%
away
23%
look
23%
done
22%
(said
22%
(Said
22%
single
22%
from
21%
let
21%
right
21%
may
19%
again
18%
cause
18%
things
18%
(You'll
18%
(you'll
18%
you'll
18%
hard
16%
fall)
15%
long
15%
nothing
15%
that's
15%
tried
15%
afraid
14%
easy
14%
hold
14%
(hurts
14%
lost
14%
left
12%
new
12%
wrong
12%
first
11%
through
11%
inside
10%
almost
8%
alright)
8%
asked
8%
kills
8%
still
8%
ways
8%
fight
7%
losing
7%
learn
5%
memories
5%
skin
5%
stays
5%
compromise
4%
deep
4%
expect
4%
fact
4%
insane
4%
(Mother)
4%
remains
4%
stuck
4%
tied
4%
treated
4%
Almost Easy
3%
Avenged Sevenfold
3%
beneath
3%
forced
3%
ignorance
3%
slipped
3%
slowly
3%
suicidal
3%
bound
1%
lesson)
1%
outweigh
1%
pulses
1%
scale
1%
selfish
1%
shame
1%
tip
1%
No matching quizzes found
Score Distribution
Percent of People with Each Score
Percentile by Number Answered
Your Score History
You have not taken this quiz